00451nam a2200169 a 450000100060000000300090000600800410001504000280005608200150008410000260009924500490012526000450017430000100021949000270022965000130025665000120026910324CO-ViMGA141112s2004 ck r 000 u spa d aCO-ViMGAbspacCO-ViMGA04a323.4 B37v1 aBetancur ; Cayetano, 10aLa Vida del Derecho : bManual del Ciudadano aBogotá : bEditorial don Bosco, c1974 a127p. aBreviarios Colombianos14aCOLOMBIA14aDERECHO